A history of modern Europe : (Record no. 11657)

000 -LEADER
fixed length control field 00399pam a2200145 a 4500
020 ## - INTERNATIONAL STANDARD BOOK NUMBER
ISBN 0393968855
040 ## - CATALOGING SOURCE
Transcribing agency DLC
082 00 - DEWEY DECIMAL CLASSIFICATION NUMBER
Classification number 940 WWN 1996 A099 Or.
100 1# - MAIN ENTRY--AUTHOR NAME
Personal name Merriman, John M.
245 12 - TITLE STATEMENT
Title A history of modern Europe :
Remainder of title from the Renaissance to the present /
250 ## - EDITION STATEMENT
Edition statement 1st ed.
260 ## - PUBLICATION, DISTRIBUTION, ETC. (IMPRINT)
Place of publication New York :
Name of publisher W.W. Norton,
Year of publication c1996.
300 ## - PHYSICAL DESCRIPTION
Number of Pages xxxiv, 1515 p. :
Other physical details ill. ;
Dimensions 24 cm.
942 ## - ADDED ENTRY ELEMENTS (KOHA)
Koha item type សៀវភៅភាសាអង់គ្លេស
952 ## - LOCATION AND ITEM INFORMATION (KOHA)
Withdrawn status [LOCAL, KOHA] 0
Holdings
Permanent Location Date acquired Koha item type Lost status Shelving location Barcode Current Location Full call number
Library Block A2017-08-04សៀវភៅភាសាអង់គ្លេស A099A14166Library Block A940 WWN 1996 A099 Or.
មជ្ឈមណ្ឌលឯការនៃសាកលវិទ្យាល័យភូមិន្ទកសិកម្មចំការដូង

Powered by Koha